| 000 | 00747cam a22002413a 4500 | ||
|---|---|---|---|
| 001 | 29167 | ||
| 003 | PGUSA | ||
| 005 | 20140828083630.0 | ||
| 008 | 090619s2009||||xxu|||||s|||||000 | eng d | ||
| 040 |
_aPGUSA _beng |
||
| 042 | _adc | ||
| 050 | 4 | _aDD | |
| 100 | 1 |
_aFischer, Henry W. _q(Henry William), _d1856-1932 |
|
| 245 | 1 | 0 |
_aSecret Memoirs : _bThe Story of Louise, Crown Princess _h[electronic resource] / _cHenry W. Fischer |
| 260 |
_bProject Gutenberg, _c2009 |
||
| 506 | _aPublic domain in the USA. | ||
| 516 | _aElectronic text | ||
| 653 | _aToscana, Luise von, 1870-1947 | ||
| 653 | _aSaxony (Germany) -- Court and courtiers | ||
| 830 | 0 |
_aProject Gutenberg _v29167 |
|
| 856 | 4 | 0 | _uhttp://www.gutenberg.org/ebooks/29167 |
| 942 | _cEB | ||
| 999 |
_c258422 _d258422 |
||